countries of Africa in order by size - Statistics

General Stats
  • This quiz has been taken 129 times
  • The average score is 26 of 54
Answer Stats
Area in square kilometers Area in square miles Answer % Correct
2,381,741 919,595 Algeria
100%
2,344,858 905,355 Democratic Republic of the Congo
99%
1,861,484 718,723 Sudan
91%
1,759,540 679,362 Libya
90%
1,284,000 495,755 Chad
82%
1,246,700 481,354 Angola
81%
1,267,000 489,191 Niger
81%
1,219,090 470,693 South Africa
78%
1,240,192 478,841 Mali
75%
1,001,450 386,662 Egypt
72%
1,104,300 426,372 Ethiopia
70%
945,087 364,900 Tanzania
70%
1,030,700 397,955 Mauritania
69%
923,768 356,669 Nigeria
67%
799,380 308,642 Mozambique
61%
824,292 318,261 Namibia
60%
752,612 290,585 Zambia
52%
644,329 248,777 South Sudan
49%
622,984 240,535 Central African Republic
48%
637,657 246,201 Somalia
48%
587,041 226,658 Madagascar
46%
2.040 788 Mauritius
45%
1,001 386 Sao Tome and Principe
45%
455 176 Seychelles
45%
580,367 224,081 Kenya
43%
581,730 224,607 Botswana
42%
4,033 1,557 Cape Verde
42%
2,235 863 Comoros
42%
475,440 183,569 Cameroon
39%
23,200 8,958 Djibouti
37%
446,550 172,414 Morocco
37%
390,757 150,872 Zimbabwe
37%
17,364 6,704 Eswatini
36%
27,830 10,745 Burundi
34%
11,295 4,361 Gambia
34%
342,000 132,047 Congo
33%
30,355 11,720 Lesotho
33%
26,338 10,169 Rwanda
33%
274,220 105,877 Burkina Faso
30%
267,667 103,347 Gabon
30%
118,484 45,747 Malawi
30%
241,550 93,263 Uganda
30%
322,463 124,504 Côte d'ivoire
28%
238,540 92,101 Ghana
28%
245,860 94,927 Guinea
28%
56,785 21,925 Togo
27%
117,600 45,406 Eritrea
25%
196,722 75,955 Senegal
25%
163,610 63,170 Tunisia
25%
114,763 44,310 Benin
24%
36,125 13,948 Guinea Bissau
22%
71,740 27,699 Sierra Leone
22%
28,051 10,831 Equatorial Guinea
21%
111,369 43,000 Liberia
19%
No matching quizzes found
Score Distribution
Percent of People with Each Score
Percentile by Number Answered
Your Score History
You have not taken this quiz